000 00971nam a2200289 a 4500
001 000025374
003 DO-SdBNP
005 20230427100030.0
007 000025374
008 150212b dr 00| 0 spad
020 _a9789993456094
040 _aBPMSU
_bspa
_cBPMSU
082 4 _aRD863.44
_bC712g 2007
_222
100 1 _aCollins de Colado, Mary
245 1 0 _aGuay, ay ay ay :
_bLa vez que las mariposas se convirtieron en rosas /
_cMary Collins de Collado ; ilustración Ramiro Manzano, Nidia Serra.
246 1 4 _aGuay, ay ay ay
260 _aSanto Domingo :
_bEditorial Norma,
_c2007
300 _a51 p. :
_bil. ;
_c19 cm.
490 0 _aTorre de papel
500 _aIncluye datos biográficos de la autora en la contracubierta
590 _6Inventariado, 2023/VM
650 4 _aCuentos infantiles dominicanos
650 4 _aLiteratura infantil dominicana
700 1 _aManzano, Ramiro
_eil.
910 _aVMateo V. Control de calidad (BPMSU)
942 _2ddc
_cBK
999 _c7376
_d7376